000 00586nam a2200133Ia 4500
008 231129s2012||||xx |||||||||||||| ||spa||
020 _a978-958-57466-0-2
040 _bspa
082 _a792.9861 C759c
245 0 _aContarla para vivir : el teatro como instrumento para la promoción de la multiculturalidad y de la cohesión social en Colombia
260 _c2012
264 _aMedellin Colombia : Fundación Teatro La Máscara : Asociación Cultural Palo q'Sea : Corporación Cultural para el Desarrollo Arlequí­n y los Juglares
942 _2ddc
_cBKS
999 _c8028
_d8028